Library Banner

Barnabas ki Engeel (Record no. 14528)

MARC details
000 -LEADER
fixed length control field 00333nam a2200157Ia 4500
001 - CONTROL NUMBER
control field 13883
008 - FIXED-LENGTH DATA ELEMENTS--GENERAL INFORMATION
fixed length control field 140402s9999 xx 000 0 und d
040 ## - CATALOGING SOURCE
Transcribing agency PK-LaUMT
082 ## - DEWEY DECIMAL CLASSIFICATION NUMBER
Classification number 220
Item number ASI-B
100 ## - MAIN ENTRY--PERSONAL NAME
Personal name Asi Ziaee
245 ## - TITLE STATEMENT
Title Barnabas ki Engeel
Statement of responsibility, etc Asi Ziaee
260 ## - PUBLICATION, DISTRIBUTION, ETC. (IMPRINT)
Date of publication, distribution, etc 1998
300 ## - PHYSICAL DESCRIPTION
Extent 286 p.
546 ## - LANGUAGE NOTE
Language note EN
942 ## - ADDED ENTRY ELEMENTS (KOHA)
Koha item type Books
Holdings
Withdrawn status Lost status Damaged status Not for loan Home library Current library Date acquired Total Checkouts Full call number Barcode Date last seen Price effective from Koha item type
        UMT Main Campus UMT Main Campus 2014-04-02   220 ASI-B 16119 2014-04-21 2014-04-21 Books